000 01051nam a2200289Ia 4500
003 OSt
005 20220930090331.0
006 a|||||r|||| 00| 0
007 ta
008 220926b |||||||| |||| 00| 0 eng d
024 _a109261
037 _cTheses
040 _aCRL
_cCRL
_beng
041 _2eng
_aeng
100 _aNitin Raja Singh
_9542311
110 _aUniversity of Delhi. Faculty of Medical Sciences. Department of Orthopaedics
_9519703
245 0 _aRole of early stabilization by external and/or internal fixation in the management of unstable pelvic ring disruptions
260 _c2008
300 _a135p.
_ap.
_ccm.
650 _aORTHOPEDICS
_9519704
700 _a Dr. A. K. Chawla Gu.
_9542312
700 _a Dr. R. K. Chopra Gu.
_9536280
700 _a Dr. Yatish Agarwal Gu.
_9532595
700 _aUniversity of Delhi. Faculty of Medical Sciences. Department of Orthopaedics
_9519706
942 _cDIS
_2CC
999 _c880405
_d880405